Antología de la literatura universal / (Registro nro. 12813)

Detalles MARC
000 -LIDER
fixed length control field 00890nam a22002657a 4500
003 - IDENTIFICACDOR DE NÚMERO DE CONTROL
control field DO-SdBNP
005 - DATE AND TIME OF LATEST TRANSACTION
control field 20240122113715.0
008 - ELEMENTOS DE LONGITUD FIJA
fixed length control field 17110881988 sp| 00| 0 spa d
020 ## - ISBN
International Standard Book Number 8435904032
040 ## - FUENTE DE CATALOGACIÓN
Agencia que crea de manera original el registro BPMSU
Idioma de catalogación spa
Agencia que realiza la transcripción BPMSU
082 #4 - NÚMERO DE CLASIFICACIÓN DECIMAL DE DEWEY
Classification number 809
Item number A634l 1988
Edition number 22
245 10 - MENCIÓN DE TITULO
Título Antología de la literatura universal /
Mención de responsabilidad colaboradores Carmen Ana Sierra, René Letona Silvestre
250 ## - MENCIÓN DE EDICION
Mención de edición 3a ed.
260 ## - PUBLICACIÓN, DISTRIBUCIÓN, ETC. (PIE DE IMPRENTA)
Lugar de publicación, distribución, etc Madrid :
Nombre del editor, distribuidor, etc. Editorial Playor ;
Fecha de publicación, distribución, etc 1988.
300 ## - DESCRIPCIÓN FÍSICA
Extensión 306 p. ;
Dimensiones 24 cm.
500 ## - NOTA GENERAL
Nota general Incluye referencias bibliográficas y notas al pie de las páginas
590 ## - NOTA LOCAL
Texto de la nota local Inventariado, 2024/VM
650 #4 - ENCABEZAMIENTO DE MATERIA--TEMÁTICO
Término temático o nombre geográfico como elemento de entrada Literatura universal.
Subdivisión de forma Antologías
650 #4 - ENCABEZAMIENTO DE MATERIA--TEMÁTICO
Término temático o nombre geográfico como elemento de entrada Literatura
Subdivisión temática general Historia y crítica
650 #4 - ENCABEZAMIENTO DE MATERIA--TEMÁTICO
Término temático o nombre geográfico como elemento de entrada Literatura y sociedad.
700 1# - ASIENTO SECUNDARIO -- NOMBRE PERSONAL
Nombre personal Sierra, Carmen Ana,
Mención de responsabilidad col.
700 1# - ASIENTO SECUNDARIO -- NOMBRE PERSONAL
Nombre personal Letona Silvestre, René,
Mención de responsabilidad col.
910 ## - VALIDACIÓN
Validación VMateo V. Control de calidad. BPMSU
942 ## - ADDED ENTRY ELEMENTS (KOHA)
Source of classification or shelving scheme Dewey Decimal Classification
Koha item type Libros
Existencias
Withdrawn status Lost status Source of classification or shelving scheme Damaged status Not for loan Collection code Home library Current library Date acquired Source of acquisition Total Checkouts Full call number Barcode Date last seen Price effective from Koha item type
    Dewey Decimal Classification     Colección General Biblioteca Pública Metropolitana Salomé Ureña Biblioteca Pública Metropolitana Salomé Ureña 11/08/2017 FUNDI   BPMSU CG 809 A634l 1988 BPMSU17110104 11/08/2017 11/08/2017 Libros